|
|
แสดงรายละเอียดบรรณานุกรม |
|
|
Brief Record
: Get Marc (ISO 2709)
: E-mail record
: |
|
|
|
| LEADER 00000nam 2200000uu 4500 | |||
| 001 208200 | |||
| 003 ULIBM | |||
| 008 120921s2554||||th 000 0 tha d | |||
| 024 ^a9786162231056 | |||
| 040 ^abcnkk | |||
| 041 0 ^atha^beng | |||
| 060 0 ^aQZ220.1 ส829 2554 | |||
| 100 0 ^aสุพรรณี พรหมเทศ. | |||
| 245 00 ^aวิทยาการระบาดโรคมะเร็ง : หลักและวิธีการ./^bสุพรรณี พรหมเทศ. | |||
| 246 0 ^aตำราวิทยาศาสตร์สุขภาพ | |||
| 250 ^aพิมพ์ครั้งที่ 1. | |||
| 260 ^aขอนแก่น : ^bโรงพิมพ์มหาวิทยาลัยขอนแก่น,^c2554. | |||
| 300 ^a236 หน้า;^bภาพประกอบ. | |||
| 440 0 ^aทุนส่งเสริมการผลิตตำรามหาวิทยาลัยขอนแก่น ลำดับที่ 39. | |||
| 650 4 ^aมะเร็ง ^xระบาดวิทยา. | |||
| 650 4 ^aการเฝ้าระวังโรค. | |||
| 650 4 ^aระบาดวิทยา. | |||
| 650 4 ^aตำราวิทยาศาสตร์สุขภาพ | |||
| 710 1 ^aมหาวิทยาลัยขอนแก่น. คณะสาธารณสุขศาสตร์. | |||
| 999 ^aใช้งานได้ทุกระบบ | |||
| คุณยังไม่ได้ล็อกอิน คุณสามารถมีกิจกรรมร่วมกับเว็บไซต์ได้ แต่ต้องล็อกอินก่อน :: |
|
| สถานะ | |||||||||
| 1. | หนังสือสำรอง สถานะ=หนังสือเก่า - บริการ ณ ห้องสมุด (ห้องเหลือง) | QZ220.1 ส829 2554 | On Shelf ขอยืม | ||||||
| 2. | วิทยาศาสตร์สุขภาพ สถานะ=หนังสือเก่า - บริการ ณ ห้องสมุด (ห้องเหลือง) | QZ220.1 ส829 2554 ฉ.2 | On Shelf ขอยืม | ||||||
| 3. | วิทยาศาสตร์สุขภาพ สถานะ=หนังสือเก่า - บริการ ณ ห้องสมุด (ห้องเหลือง) | QZ220.1 ส829 2554 ฉ.3 | On Shelf ขอยืม | ||||||
| 4. | วิทยาศาสตร์สุขภาพ สถานะ=หนังสือเก่า - บริการ ณ ห้องสมุด (ห้องเหลือง) | QZ220.1 ส829 2554 ฉ.5 | On Shelf ขอยืม | ||||||
| Note:ปีงบประมาณ 2555 | |||||||||
| 5. | วิทยาศาสตร์สุขภาพ สถานะ=หนังสือเก่า - บริการ ณ ห้องสมุด (ห้องเหลือง) | QZ220.1 ส829 2554 ฉ.6 | On Shelf ขอยืม | ||||||
| Note:ปีงบประมาณ 2555 | |||||||||
| [แสดง 5/5 รายการ] | |||||||||
BibComment |
| คอมเมนท์ทรัพยากรรายการนี้ |
|
|